Statistics for The Edinburgh Quiz

Click here to take the quiz!

General Stats

  • This quiz has been taken 821 times
  • The average score is 6 of 10

Answer Stats

HintAnswer% Correct
The only city in Scotland larger than EdinburghGlasgow
100%
The famous 'mile long' streetThe Royal Mile
88%
This mode of transport runs from Edinburgh Airport to York PlaceTram
86%
Famous dog, has its own statueGreyfriars Bobby
75%
Name of the area where the Scottish Parliament is SituatedHolyrood
73%
Area by the coast, mentioned in a Proclaimers songLeith
70%
Name of the gardens located in the city centre{Princes Street} Gardens
66%
Borders this body of waterNorth Sea
45%
Name of the queens ship docked at the aboveRoyal {Yacht Brittania}
15%
Became a city in this decade1880s
12%

Score Distribution

Percentile by Number Answered

Percent of People with Each Score

Your Score History

You have not taken this quiz